000 00716nam a22002417a 4500
003 UA-OsUOA
001 87787
007 ta
008 20120925b un ||||| |||| 00| 0 ukr d
100 _aСоловьев Ф. В.
090 _a94(510)
_bС60
942 _cBK
040 _aUA-OsUOA
_brus
_cUA-OsUOA
_dUA-OsUOA
245 _aКитайское отходничество на Дальнем Востоке Росии в эпоху капитализма (1861-1917)
300 _a127 с.
955 _a4
041 _arus
080 _a94(510)
020 _a5-02-016482-8
260 _aМ.
_bНаука
_c1989
650 7 _a9 Географія. Біографії. Історія
_2UDC
999 _c374088
_d374088